| 000 | 02717nam a22002537i 4500 | ||
|---|---|---|---|
| 999 |
_c23350 _d23350 |
||
| 003 | AR-CdUCM | ||
| 008 | 250808b20192019 pe||||| |||| 00| 0 spa d | ||
| 020 | _a978-612-00-4289-2 | ||
| 040 |
_aMUNICIPALIDAD PROVINCIAL DEL CUSCO _cBIBLIOTECA MUNICIPAL DEL CUSCO |
||
| 041 | _hspa | ||
| 082 |
_a001.42 / M86I _bM86I |
||
| 100 |
_aMorveli Salas, Mario _97203 |
||
| 245 | _aIntroducción a la investigación científica / | ||
| 260 |
_aCusco : _bImpresiones Gráfica Meta Color _c2019 |
||
| 300 |
_a166 páginas. : _c22x16 cm. _e2019 |
||
| 500 | _zpáginas 155 - 166 | ||
| 505 | _aEpistemología y Gnocimiento -- Ciencia y teoría -- positivismo -- interpretativismo -- Técnicas e instrumentos -- Cronograma y presupuesto | ||
| 650 |
_aInvestigación _91940 |
||
| 650 |
_apositivismo _9521 |
||
| 650 |
_amaterialismo _95459 |
||
| 650 |
_aproblemas de la investigacion _951326 |
||
| 942 |
_2ddc _cLIBROS |
||
| 945 |
_apbjr _d8-08-2025 |
||